000 00566nam a2200217 a 4500
999 _c5525
_d5525
001 5525
003 BD-JhCC
005 20171217191223.0
008 171217s19481956e |||| || | 000 0 eng d
035 _a(BD-JhCC)5525
040 _aBD-JhCC
_dBD-JhCC
041 _aeng
082 _a420
_bHAR 1956
100 _aHarris, C. C.
245 _aExercise in Comprehension and expression /
_cC. C. Harris, M. A.(Hons.)
260 _aLondon :
_bLongmans,Green & Co,
_c1956
300 _a94 p. :
_c18 cm.
650 _aEnglish Languge
942 _2ddc
_cBK